00739nam a2200181 a 4500008004100000050001500041100001600056245003700072260003200109300002100141350000900162650001300171650002400184650001900208995014900227995016400376999001700540120416s1981 ||||||||||||||||| || u aQH 457 Her aEhrman, Lee10aBehaviour genetics and evolution aNew YorkbMcGraw-Hillc1981 axiv, 450p. : ill a0.00 0aGENETICS aEVOLUTION (BIOLOGY) aHUMAN GENETICS aANNEX COLLECTION (Main Library)D0.00e710404FCBU-MAIN LIBRARY (Kitwe)H1I34.50jQH 457 EhrM3UAVAILABLEy015517ZAnnex Low-Usage Collection  aMAIN LIBRARY OPEN ACCESSD0.00e710402FCBU-MAIN LIBRARY (Kitwe)H4I34.50jQH 457 EhrM1UAVAILABLEVMar 11, 2013y015515ZMain Library Open Access Collection c84608d84608